Narrativa Audiovisual

Збережено в:
Бібліографічні деталі
Автор: García Jiménez, Jesús (Автор)
Формат: Книга
Мова:Іспанська
Опубліковано: Madrid Cátedra 1996
Редагування:2a. ed
Серія:Signo e imagen/Manuales, 33
Предмети:
Теги: Додати тег
Немає тегів, Будьте першим, хто поставить тег для цього запису!

MARC

LEADER 00000nam a2200000 a 4500
001 UCH6525
003 CL-VaPUC
008 091109e19960000SP |||||||||||||||||spa|d
020 |a 8437612225 
082 0 4 |a 791.4  |b GAR  |2 21 
100 |a García Jiménez, Jesús  |e author  |9 543075 
245 1 0 |a Narrativa Audiovisual 
250 |a 2a. ed 
300 |a 423 p 
942 |c BK 
945 |d 20091109 00:00:00  |a ccalabra 
260 |a Madrid  |b Cátedra  |c 1996 
650 0 |a Educación  |9 258661 
650 0 |a Televisión  |9 256845 
650 7 |a TELEVISION EDUCATIVA  |2 CL-VaPUC  |9 310717 
650 0 |a Narrativa  |9 336727 
650 0 |a Retórica   |9 266620 
650 7 |a PELICULAS EDUCATIVAS  |2 CL-VaPUC  |9 335536 
583 |a last modification  |c 20091109 00:00:00  |k Rodrigo Vera 
490 0 |a Signo e imagen/Manuales, 33 
999 |c 337399  |d 337397